| 000 | 00000nam##2200000za#4500 |
| 001 | 9.567674 |
| 003 | CaOODSP |
| 005 | 20210624180906 |
| 007 | cr ||||||||||| |
| 008 | 150406|1998||||xxc|||||o f|0| 0 eng|d |
| 040 | |aCaOODSP|beng |
| 043 | |an-cn--- |
| 086 | 1 |aBT31-2/1999-III-82E-PDF |
| 110 | 1 |aCanada. |bTreasury Board. |
| 245 | 10|aWestern Economic Diversification Canada, report on plans and priorities (1998-1999) |h[electronic resource] |
| 260 | |bTreasury Board of Canada Secretariat |c[1998]. |
| 300 | |a28p.|borganization chart, tables |
| 490 | 1 |a1998-99 estimates. Part III, Report on plans and priorities |v1998-1999 |
| 590 | |a10-12-Supp|b2010-11-18 |
| 775 | 08|tDiversification de l'économie de l'Ouest Canada, rapport sur les plans et les priorités (1998-1999) |w(CaOODSP)9.599004 |
| 776 | 0#|tDiversification de l'Économie de l'Ouest Canada |w(CaOODSP)9.530391 |
| 776 | 0#|tWestern Economic Diversification Canada |w(CaOODSP)9.530390 |
| 830 | #0|a1998-99 estimates. Part III, Report on plans and priorities ;|v1998-1999|w(CaOODSP)9.505714 |
| 856 | 40|ahttp://publications.gc.ca|qPDF|s82 KB|uhttps://publications.gc.ca/collections/Collection/BT31-2-1999-III-82E.pdf|y1998-1999 |